| 000 | 00553nam a2200193Ia 4500 | ||
|---|---|---|---|
| 003 | IN-BaIIA | ||
| 008 | 211028s9999 xx 000 0 eng d | ||
| 020 | _a900414-030 | ||
| 040 | _cIIA Library | ||
| 080 |
_a77(058) _bBJP-72 |
||
| 245 | 4 |
_aThe British journal of photography annual 1972 _cedited by Geoffery Crawley |
|
| 260 |
_aLondon _bHenry Greenwood _c1972 |
||
| 300 | _a232p. | ||
| 650 | _aAstronomy and astrophysics thesaurus | ||
| 650 | _aPhotography | ||
| 650 |
_aYear books _93953 |
||
| 700 |
_aCrawley, Geoffrey., ed. _96931 |
||
| 942 | _cBK | ||
| 999 |
_c3894 _d3894 |
||